000 00324nam a22001457a 4500
020 _a9788126527588
082 _a511 GOS
100 _aEric Gossett
245 _aDiscrete mathematics with proof,
250 _a2nd ed.
260 _aNew Delhi
_bWiley
_c2014
300 _apv.
_bill.:
650 _aMathematics
942 _cBK
999 _c13510
_d13510